Score 0/7 Timer 01:00
5 Plays Today
% Correct
Egypt
94.8%
South Sudan
92.1%
Libya
90.9%
Ethiopia
90.1%
Eritrea
89%
Chad
86.8%
Central
African
Republic
76.3%

You're not logged in!

Compare scores with friends on all Sporcle quizzes.
OR
Log In

Sporcle TV

Today on Sporcle TV


Watch our educational content, quiz creation guides, and fun videos on Sporcle TV.

Show Comments

Extras

Top Quizzes Today


Score Distribution

Paid Content

Your Account Isn't Verified!

In order to create a playlist on Sporcle, you need to verify the email address you used during registration. Go to your Sporcle Settings to finish the process.

Report this User

Report this user for behavior that violates our Community Guidelines.

Details: